Normal view MARC view

Entry Personal Name

Number of records used in: 2

001 - CONTROL NUMBER

  • control field: 623899

003 - CONTROL NUMBER IDENTIFIER

  • control field: OSt

005 - DATE AND TIME OF LATEST TRANSACTION

  • control field: 20221005105405.0

008 - FIXED-LENGTH DATA ELEMENTS

  • fixed length control field: 221005|| aca||aabn | a|a d

040 ## - CATALOGING SOURCE

  • Original cataloging agency: OSt
  • Transcribing agency: OSt

100 ## - HEADING--PERSONAL NAME

  • Personal name: पटेल, श्याम लाल सिंह, ले

670 ## - SOURCE DATA FOUND

  • Source citation: Work cat.: (OSt)1015682: पटेल, श्याम लाल सिंह, ले., भगवान की अवधारणा, 2018
Copyright @ Delhi University Library System